Countries Using Arabic Script - Statistics

General Stats
  • This quiz has been taken 550 times
  • The average score is 25 of 28
Answer Stats
Country % Correct
Iraq
96%
Yemen
96%
Egypt
95%
Iran
95%
Morocco
95%
Oman
95%
Algeria
94%
Saudi Arabia
94%
Pakistan
93%
Syria
93%
Tunisia
93%
UAE
93%
Lebanon
92%
Libya
92%
Sudan
92%
Afghanistan
91%
Kuwait
91%
Bahrain
90%
Jordan
89%
Somalia
89%
Qatar
88%
Chad
84%
Mauritania
83%
Djibouti
80%
Israel
78%
Eritrea
72%
Comoros
69%
Brunei
41%
No matching quizzes found
Score Distribution
Percent of People with Each Score
Percentile by Number Answered
Your Score History
You have not taken this quiz